[Event "Goch op 26th"]
[Site "Goch"]
[Date "2015.09.05"]
[Round "4"]
[White "Harff, Wilfried"]
[Black "Van Dael, Siem"]
[Result "1-0"]
[WhiteElo "2125"]
[BlackElo "1937"]
[PlyCount "77"]
[EventDate "2015.09.03"]
[EventType "swiss"]
[EventRounds "7"]
[EventCountry "GER"]
[SourceTitle "EXT 2018"]
[Source "ChessBase"]
[SourceDate "2017.10.13"]
[SourceVersion "1"]
[SourceVersionDate "2017.10.13"]
[SourceQuality "1"]

1. e4 e5 2. Nf3 Nc6 3. d4 exd4 4. Nxd4 Bc5 5. Nb3 Bb6 6. Nc3 d6 7. Bb5 Nf6 8. 0-0 Bg4 9. Qd3 0-0 10. Bg5 h6 11. Bxf6 Qxf6 12. Nd5 Qxb2 13. c3 Ne5 14. Qg3 c6 15. Nxb6 axb6 16. f4 cxb5 17. fxe5 Be6 18. Rf2 Qa3 19. Nd4 dxe5 20. Nxe6 fxe6 21. Rxf8+ Rxf8 22. Qxe5 Qc5+ 23. Qd4 Rf4 24. Re1 b4 25. Qxc5 bxc5 26. cxb4 c4 27. b5 c3 28. Rc1 Rxe4 29. Rxc3 Rb4 30. a4 Rxa4 31. Rc7 Rb4 32. Rxb7 Rb2 33. h4 h5 34. b6 e5 35. g3 Kf8 36. Kf1 e4 37. Ke1 Rb3 38. Ke2 Rxg3 39. Rc7 1-0

[Event "Goch op 26th"]
[Site "Goch"]
[Date "2015.09.04"]
[Round "2"]
[White "Harff, Wilfried"]
[Black "Winkel, Peter"]
[Result "1-0"]
[WhiteElo "2125"]
[BlackElo "1908"]
[PlyCount "45"]
[EventDate "2015.09.03"]
[EventType "swiss"]
[EventRounds "7"]
[EventCountry "GER"]
[SourceTitle "EXT 2018"]
[Source "ChessBase"]
[SourceDate "2017.10.13"]
[SourceVersion "1"]
[SourceVersionDate "2017.10.13"]
[SourceQuality "1"]

1. e4 c5 2. Nf3 e6 3. b3 Nc6 4. Bb2 d6 5. Bb5 Bd7 6. 0-0 Nf6 7. Qe2 e5 8. c3 Be7 9. d4 cxd4 10. cxd4 exd4 11. Nbd2 0-0 12. Nxd4 Re8 13. Rfe1 Bf8 14. Bxc6 Bxc6 15. Qd3 Rc8 16. Rad1 d5 17. e5 Nd7 18. Qg3 Nc5 19. h4 Ne6 20. Nf5 Rc7 21. Ne4 Be7 22. Ned6 Rf8 23. Nh6+ 1-0

[Event "Maastricht Limburg op-A 9th"]
[Site "Maastricht"]
[Date "2015.05.23"]
[Round "2"]
[White "Volkov, Mykyta"]
[Black "Harff, Wilfried"]
[Result "1/2-1/2"]
[WhiteElo "2126"]
[BlackElo "2163"]
[PlyCount "114"]
[EventDate "2015.05.22"]
[EventType "swiss"]
[EventRounds "7"]
[EventCountry "NED"]
[SourceTitle "CBM 166 Extra"]
[Source "ChessBase"]
[SourceDate "2015.06.18"]
[SourceVersion "1"]
[SourceVersionDate "2015.06.18"]
[SourceQuality "1"]

1. d4 Nf6 2. c4 g6 3. Nc3 d5 4. cxd5 Nxd5 5. Bd2 Bg7 6. e4 Nxc3 7. Bxc3 0-0 8. Be2 c5 9. d5 Bxc3+ 10. bxc3 Qa5 11. Qd2 Nd7 12. Nf3 Nf6 13. c4 Qxd2+ 14. Nxd2 e5 15. 0-0 b6 16. Bd3 Bd7 17. f4 exf4 18. Rxf4 Ng4 19. Nf3 Rae8 20. h3 Ne5 21. Nxe5 Rxe5 22. Rf6 Rb8 23. a4 Kg7 24. Rd6 Be8 25. a5 bxa5 26. Rxa5 Rb3 27. Be2 Rxe4 28. Bf3 Rxc4 29. Rxa7 Rc1+ 30. Kh2 Rb8 31. Rc7 c4 32. Ra6 h5 33. h4 Rd8 34. Ra5 Bd7 35. Raa7 Be8 36. Ra5 Kf6 37. Rac5 Ke5 38. Rxc4 Rxc4 39. Rxc4 f5 40. Rc1 Bf7 41. Re1+ Kd6 42. Kg3 Rb8 43. Kf4 Rb4+ 44. Kg5 Rd4 45. Ra1 Bxd5 46. Ra6+ Ke7 47. Bxd5 Rxd5 48. Rxg6 Kf7 49. Rf6+ Kg7 50. Rxf5 Rd2 51. g3 Rd3 52. Kf4 Kg6 53. Rg5+ Kh6 54. Re5 Kg6 55. Re6+ Kg7 56. Re3 Rd4+ 57. Re4 Rd3 1/2-1/2

[Event "Maastricht Limburg op-A 9th"]
[Site "Maastricht"]
[Date "2015.05.22"]
[Round "1"]
[White "Harff, Wilfried"]
[Black "Kampman, Tijmen"]
[Result "0-1"]
[WhiteElo "2163"]
[BlackElo "2076"]
[PlyCount "134"]
[EventDate "2015.05.22"]
[EventType "swiss"]
[EventRounds "7"]
[EventCountry "NED"]
[SourceTitle "CBM 166 Extra"]
[Source "ChessBase"]
[SourceDate "2015.06.18"]
[SourceVersion "1"]
[SourceVersionDate "2015.06.18"]
[SourceQuality "1"]

1. e4 e6 2. Qe2 g6 3. d4 Bg7 4. Nf3 b6 5. c4 Ne7 6. Nc3 0-0 7. Bf4 d5 8. 0-0-0 Ba6 9. exd5 Nxd5 10. Qe4 Nxc3 11. bxc3 Nd7 12. Qc6 Qe7 13. Kb2 e5 14. Bg5 Qe8 15. Be3 Qc8 16. Be2 Bb7 17. Qa4 c5 18. d5 a6 19. Qb3 h6 20. g4 b5 21. cxb5 axb5 22. Bxb5 Nb6 23. Rhg1 c4 24. Qb4 Nxd5 25. Qc5 Nxe3 26. Qxe3 Bxf3 27. Qxf3 Qc5 28. a4 e4 29. Qxe4 Qb4+ 30. Kc1 Qxc3+ 31. Qc2 Qa3+ 32. Kd2 c3+ 33. Ke2 Rad8 34. Rxd8 Rxd8 35. Rd1 Rxd1 36. Kxd1 Qd6+ 37. Ke2 Qe5+ 38. Kf1 Qxh2 39. Qe4 Qd6 40. Bd3 Bd4 41. Kg2 Qc5 42. Qe2 Qc6+ 43. Qf3 Qxa4 44. Qd5 Kg7 45. Qe4 Qa7 46. Qf4 Bf6 47. Bc2 Qb7+ 48. Qe4 Qxe4+ 49. Bxe4 h5 50. f4 Bd4 51. g5 Be3 52. Kf3 Bd2 53. Bc2 f6 54. gxf6+ Kxf6 55. Bd3 h4 56. Kg4 h3 57. Kxh3 Bxf4 58. Kg4 g5 59. Kf3 Ke5 60. Bg6 Kd4 61. Ke2 Kc4 62. Bf7+ Kd4 63. Bg6 g4 64. Bc2 Kc4 65. Bd1 g3 66. Bc2 Be5 67. Be4 Kb3 0-1

[Event "Maastricht Limburg op-A 7th"]
[Site "Maastricht"]
[Date "2013.05.19"]
[Round "4"]
[White "Mollema, Thomas"]
[Black "Harff, Wilfried"]
[Result "1-0"]
[WhiteElo "1976"]
[BlackElo "2151"]
[PlyCount "73"]
[EventDate "2013.05.17"]
[EventType "swiss"]
[EventRounds "7"]
[EventCountry "NED"]
[SourceTitle "EXT 2014"]
[Source "ChessBase"]
[SourceDate "2013.11.20"]
[SourceVersion "1"]
[SourceVersionDate "2013.11.20"]
[SourceQuality "1"]

1. e4 c5 2. c3 e6 3. d4 d5 4. exd5 Qxd5 5. Nf3 Nf6 6. a3 Be7 7. Be3 cxd4 8. cxd4 a6 9. Nc3 Qd6 10. Rc1 0-0 11. Bd3 Nbd7 12. 0-0 b5 13. Ne4 Qb8 14. Ne5 Nxe5 15. Bf4 Nxe4 16. Bxe4 Ra7 17. Bxe5 Bd6 18. Bxh7+ Kxh7 19. Qh5+ Kg8 20. Bxg7 f5 21. Bxf8 Bxf8 22. Qe8 Rc7 23. Qd8 Rd7 24. Qxc8 Qa7 25. Rc3 Qxd4 26. Rg3+ Kf7 27. Qxa6 Qxb2 28. Qc6 Rd6 29. Qb7+ Be7 30. Qf3 Bf6 31. Qh5+ Kf8 32. Qh7 Bg7 33. Qg6 f4 34. Rg4 Qd4 35. g3 Be5 36. Qg8+ Ke7 37. Qh7+ 1-0

[Event "Maastricht Limburg op-A 7th"]
[Site "Maastricht"]
[Date "2013.05.18"]
[Round "2"]
[White "Harff, Wilfried"]
[Black "Hansch, Torsten"]
[Result "0-1"]
[WhiteElo "2151"]
[BlackElo "2120"]
[PlyCount "112"]
[EventDate "2013.05.17"]
[EventType "swiss"]
[EventRounds "7"]
[EventCountry "NED"]
[SourceTitle "EXT 2014"]
[Source "ChessBase"]
[SourceDate "2013.11.20"]
[SourceVersion "1"]
[SourceVersionDate "2013.11.20"]
[SourceQuality "1"]

1. e4 c5 2. Nf3 d6 3. c3 Nf6 4. Bb5+ Bd7 5. Qe2 Bxb5 6. Qxb5+ Qd7 7. Qxd7+ Nbxd7 8. d3 g6 9. Bg5 Bg7 10. Nbd2 0-0 11. a4 h6 12. Be3 Ng4 13. Ke2 Nxe3 14. fxe3 e6 15. Rhf1 d5 16. d4 cxd4 17. cxd4 dxe4 18. Nxe4 Rac8 19. Rac1 Nb6 20. Nd6 Rxc1 21. Rxc1 Nxa4 22. b3 Nb6 23. Rc7 Rd8 24. Nxb7 Rc8 25. Rxc8+ Nxc8 26. Kd3 Nb6 27. Na5 Bf8 28. Nc6 Nc8 29. g3 Kg7 30. Nd2 f5 31. e4 fxe4+ 32. Nxe4 Kf7 33. Ne5+ Kg7 34. Kc4 Nd6+ 35. Nxd6 Bxd6 36. Nc6 a6 37. Nb4 h5 38. Nxa6 g5 39. Nc5 Kf7 40. b4 Bc7 41. Ne4 Kg6 42. Kd3 Kf5 43. Ke3 Bb6 44. Nd6+ Kg4 45. Nc4 Bc7 46. Kf2 Kh3 47. Ne5 Bb6 48. Ke3 Kxh2 49. Nf3+ Kxg3 50. Nxg5 e5 51. Ne4+ Kg2 52. Ng5 h4 53. Ke4 exd4 54. Nf3 h3 55. Nh4+ Kg3 56. Nf5+ Kf2 0-1

[Event "Goch op 22nd"]
[Site "Goch"]
[Date "2011.09.30"]
[Round "3"]
[White "Harff, Wilfried"]
[Black "Wijnhoven, Theo"]
[Result "0-1"]
[WhiteElo "2174"]
[BlackElo "2047"]
[PlyCount "108"]
[EventDate "2011.09.29"]
[EventType "swiss"]
[EventRounds "7"]
[EventCountry "GER"]
[SourceTitle "EXT 2014"]
[Source "ChessBase"]
[SourceDate "2013.11.20"]
[SourceVersion "1"]
[SourceVersionDate "2013.11.20"]
[SourceQuality "1"]

1. e4 e6 2. Qe2 e5 3. b3 Nc6 4. Bb2 Bc5 5. Nf3 d6 6. h3 Nge7 7. c3 Ng6 8. d4 Bb6 9. Nbd2 0-0 10. g3 f5 11. d5 Nb8 12. Bg2 f4 13. 0-0-0 Nd7 14. h4 fxg3 15. fxg3 Nf6 16. h5 Nh8 17. Nh2 Nf7 18. Kb1 Ng5 19. Bc1 h6 20. Kb2 Nfh7 21. Rdf1 Bd7 22. a4 Qe7 23. Nc4 c6 24. Nxb6 axb6 25. Rxf8+ Rxf8 26. Be3 c5 27. Ng4 Qe8 28. c4 Qe7 29. Nf2 Qd8 30. Nd1 Qc8 31. Rh4 Nf6 32. Qd2 Nfh7 33. Nf2 Nf3 34. Bxf3 Rxf3 35. g4 Qd8 36. Rh2 Qf6 37. Kc1 Rg3 38. Qe2 Ng5 39. Nh1 Bxg4 40. Qd3 Rf3 41. Nf2 Bd7 42. Rg2 Qf7 43. Qe2 Qxh5 44. Kd1 Qf7 45. Ke1 Nh3 46. Bxh6 Rxf2 47. Rxf2 Qxf2+ 48. Qxf2 Nxf2 49. Bg5 Nxe4 50. Bd8 g5 51. Ke2 g4 52. Ke3 g3 53. Kf3 Bg4+ 54. Kg2 Bd1 0-1

[Event "Goch op 21st"]
[Site "Goch"]
[Date "2010.10.02"]
[Round "5"]
[White "Harff, Wilfried"]
[Black "Hahn, Moritz"]
[Result "1/2-1/2"]
[WhiteElo "2187"]
[BlackElo "2076"]
[PlyCount "47"]
[EventDate "2010.09.30"]
[EventType "swiss"]
[EventRounds "7"]
[EventCountry "GER"]
[SourceTitle "EXT 2012"]
[Source "ChessBase"]
[SourceDate "2011.11.24"]
[SourceVersion "1"]
[SourceVersionDate "2011.11.24"]
[SourceQuality "1"]

1. e4 e6 2. Qe2 Nc6 3. c3 e5 4. f4 d6 5. d3 g6 6. Nf3 Bg7 7. g3 Nge7 8. Bg2 0-0 9. Na3 h6 10. Be3 Be6 11. h3 Qd7 12. g4 f5 13. gxf5 gxf5 14. Qd2 Kh7 15. c4 exf4 16. Bf2 fxe4 17. dxe4 Ng6 18. 0-0-0 Nge5 19. b3 Nxf3 20. Bxf3 Ne5 21. Qe2 Qe7 22. Nb5 a6 23. Nd4 Nxf3 24. Nxf3 1/2-1/2

[Event "Goch op 21st"]
[Site "Goch"]
[Date "2010.10.02"]
[Round "4"]
[White "Harff, Wilfried"]
[Black "Speck, Stefan"]
[Result "1-0"]
[WhiteElo "2187"]
[BlackElo "2004"]
[PlyCount "73"]
[EventDate "2010.09.30"]
[EventType "swiss"]
[EventRounds "7"]
[EventCountry "GER"]
[SourceTitle "EXT 2012"]
[Source "ChessBase"]
[SourceDate "2011.11.24"]
[SourceVersion "1"]
[SourceVersionDate "2011.11.24"]
[SourceQuality "1"]

1. e4 Nf6 2. e5 Nd5 3. d4 d6 4. Nf3 dxe5 5. Nxe5 c6 6. Qf3 Be6 7. Bd2 Nd7 8. c4 Nxe5 9. dxe5 Nb6 10. Qe4 g6 11. Be2 Bg7 12. 0-0 Nd7 13. Bc3 0-0 14. Qe3 Qb6 15. Bd4 c5 16. Bc3 Nb8 17. Nd2 Qc7 18. f4 b6 19. g4 Nc6 20. f5 Bd7 21. Bf3 Rae8 22. Rae1 f6 23. e6 Bc8 24. fxg6 Ne5 25. gxh7+ Kh8 26. Bxe5 fxe5 27. Bd5 Qd6 28. Ne4 Qc7 29. Qg5 Rf4 30. Rxf4 exf4 31. Qg6 Rf8 32. Ng5 f3 33. Bxf3 Qf4 34. Nf7+ Rxf7 35. Qxf7 Qd4+ 36. Kg2 Kxh7 37. Be4+ 1-0

[Event "Oberhausen op"]
[Site "Oberhausen"]
[Date "2010.04.02"]
[Round "3"]
[White "Harff, Wilfried"]
[Black "Henrichs, Thomas"]
[Result "0-1"]
[WhiteElo "2192"]
[BlackElo "2471"]
[PlyCount "98"]
[EventDate "2010.04.01"]
[EventType "swiss"]
[EventRounds "7"]
[EventCountry "GER"]
[SourceTitle "CBM 135 Extra"]
[Source "ChessBase"]
[SourceDate "2010.05.04"]
[SourceVersion "1"]
[SourceVersionDate "2010.05.04"]
[SourceQuality "1"]

1. e4 c5 2. Nc3 a6 3. f4 b5 4. a4 b4 5. Nce2 Bb7 6. Ng3 e6 7. Nf3 h5 8. h4 d5 9. d3 Nf6 10. Qe2 Nc6 11. c3 Qc7 12. Qc2 0-0-0 13. Be2 c4 14. dxc4 dxe4 15. Ng5 Na5 16. b3 bxc3 17. Be3 Nc6 18. 0-0 Nb4 19. Qc1 Rd3 20. Kh1 Ng4 21. Bxd3 exd3 22. Bd4 f6 23. Nf3 g5 24. Qxc3 gxf4 25. Bxf6 Rg8 26. Nxh5 Bc5 27. Bd4 e5 28. Bxe5 Qh7 29. Nxf4 Ne3 30. Bd6 Nxf1 31. Rxf1 Qf5 32. Qe5 Qxe5 33. Bxe5 Rg4 34. Rd1 Nc6 35. Rxd3 Nxe5 36. Nxe5 Rxf4 37. Rh3 Rf1+ 38. Kh2 Bd6 39. Re3 Rf5 40. g3 Rxe5 41. Rd3 Re2+ 42. Kh3 Kc7 43. Kg4 Be4 44. Rd4 Be5 45. Rxe4 Rxe4+ 46. Kf5 Re3 47. g4 Kd6 48. b4 Rf3+ 49. Kg5 Ke6 0-1

[Event "Goch op 20th"]
[Site "Goch"]
[Date "2009.10.02"]
[Round "2"]
[White "Harff, Wilfried"]
[Black "Jess, Arne"]
[Result "1-0"]
[WhiteElo "2202"]
[BlackElo "1881"]
[PlyCount "45"]
[EventDate "2009.10.01"]
[EventType "swiss"]
[EventRounds "7"]
[EventCountry "GER"]
[SourceTitle "EXT 2011"]
[Source "ChessBase"]
[SourceDate "2010.11.26"]
[SourceVersion "1"]
[SourceVersionDate "2010.11.26"]
[SourceQuality "1"]

1. e4 c5 2. Nc3 d6 3. f4 Nc6 4. Bb5 Bd7 5. Nf3 a6 6. Bxc6 Bxc6 7. Qe2 e6 8. 0-0 g6 9. b3 Bg7 10. Bb2 Nf6 11. Rae1 Nxe4 12. Nxe4 Bxb2 13. c3 Ba3 14. Nfg5 0-0 15. Qg4 Bxe4 16. Qh3 h5 17. Rxe4 Kg7 18. Rxe6 Qb6 19. Re7 c4+ 20. Kh1 cxb3 21. Qd7 Kh6 22. Rxf7 Rxf7 23. Nxf7+ 1-0

[Event "Goch op 20th"]
[Site "Goch"]
[Date "2009.10.01"]
[Round "1"]
[White "Wiesebach, Wolfgang"]
[Black "Harff, Wilfried"]
[Result "1/2-1/2"]
[WhiteElo "1855"]
[BlackElo "2202"]
[PlyCount "108"]
[EventDate "2009.10.01"]
[EventType "swiss"]
[EventRounds "7"]
[EventCountry "GER"]
[SourceTitle "EXT 2011"]
[Source "ChessBase"]
[SourceDate "2010.11.26"]
[SourceVersion "1"]
[SourceVersionDate "2010.11.26"]
[SourceQuality "1"]

1. d4 g6 2. Bf4 Bg7 3. e3 c5 4. c3 Qb6 5. Qb3 Qxb3 6. axb3 d6 7. Nf3 Bg4 8. Be2 Nd7 9. h3 Bf5 10. Na3 Rc8 11. g4 Be4 12. Nc4 a6 13. Bxd6 cxd4 14. exd4 Rxc4 15. bxc4 exd6 16. 0-0 Nb8 17. Nd2 Bc6 18. Bd3 Kd8 19. b4 Ne7 20. Ne4 Kc7 21. Rfe1 Nc8 22. Ng5 Bf6 23. f4 Bxg5 24. fxg5 h5 25. gxh6 Rxh6 26. Kh2 Bd7 27. Kg3 Nc6 28. Rf1 Rh7 29. h4 Rg7 30. Rf6 N6e7 31. Raf1 Be8 32. Re1 Ng8 33. Rf2 Bd7 34. g5 Nge7 35. Ref1 Bf5 36. Be2 Nb6 37. h5 d5 38. h6 Rh7 39. c5 Nd7 40. Bg4 f6 41. Kh4 Kd8 42. Bxf5 Nxf5+ 43. Rxf5 gxf5 44. Rxf5 Ke7 45. Rxd5 Ke6 46. c4 Rh8 47. Kh5 fxg5 48. Rd6+ Ke7 49. Kxg5 Nf8 50. d5 Rg8+ 51. Kf5 Rg1 52. Rb6 Rf1+ 53. Ke4 Rh1 54. Rxb7+ Ke8 1/2-1/2

[Event "Goch op 19th"]
[Site "Goch"]
[Date "2008.10.11"]
[Round "4"]
[White "Wittenberg, Andreas"]
[Black "Harff, Wilfried"]
[Result "1/2-1/2"]
[WhiteElo "2041"]
[BlackElo "2215"]
[PlyCount "41"]
[EventDate "2008.10.09"]
[EventType "swiss"]
[EventRounds "7"]
[EventCountry "GER"]
[SourceTitle "EXT 2011"]
[Source "ChessBase"]
[SourceDate "2010.11.26"]
[SourceVersion "1"]
[SourceVersionDate "2010.11.26"]
[SourceQuality "1"]

1. d4 g6 2. Nf3 Bg7 3. g3 c5 4. c3 Na6 5. Bg2 Nf6 6. 0-0 0-0 7. Nbd2 b5 8. e4 Rb8 9. b3 d5 10. e5 Ne8 11. Qe2 Qb6 12. Bb2 Bg4 13. h3 Bxf3 14. Nxf3 Nec7 15. Rfd1 Rfd8 16. h4 Ne6 17. a3 Rbc8 18. Bh3 Rc6 19. Bf1 Rb8 20. Qd2 cxd4 21. Nxd4 1/2-1/2

[Event "Goch op 19th"]
[Site "Goch"]
[Date "2008.10.10"]
[Round "2"]
[White "Ruetten, Ingmar"]
[Black "Harff, Wilfried"]
[Result "0-1"]
[WhiteElo "2012"]
[BlackElo "2215"]
[PlyCount "54"]
[EventDate "2008.10.09"]
[EventType "swiss"]
[EventRounds "7"]
[EventCountry "GER"]
[SourceTitle "EXT 2011"]
[Source "ChessBase"]
[SourceDate "2010.11.26"]
[SourceVersion "1"]
[SourceVersionDate "2010.11.26"]
[SourceQuality "1"]

1. Nf3 d5 2. d4 g6 3. c4 dxc4 4. Qa4+ Nd7 5. Qxc4 Ngf6 6. Nc3 Nb6 7. Qd3 Bg7 8. e4 c6 9. Be2 0-0 10. Bf4 Re8 11. h3 Be6 12. b3 Nfd7 13. Ng5 Nc5 14. Qf3 Qxd4 15. Rc1 Rad8 16. 0-0 Qb4 17. Be3 Nd3 18. Rc2 Bxc3 19. Bxb6 axb6 20. Bxd3 Rf8 21. Qg3 Bc8 22. Qh4 h5 23. Be2 Bf6 24. Bxh5 Bxg5 25. Qxg5 Qxe4 26. Re2 Qf5 27. Qxf5 Bxf5 0-1

[Event "GER-Cup17 qual-218 email"]
[Site "GER email"]
[Date "2007.??.??"]
[Round "?"]
[White "Harff, Wilfried"]
[Black "Garus, Edward"]
[Result "1/2-1/2"]
[WhiteElo "1962"]
[BlackElo "1736"]
[PlyCount "67"]
[EventDate "2007.??.??"]
[EventType "tourn (corr)"]
[EventRounds "6"]
[EventCountry "GER"]
[SourceTitle "Corr 2008"]
[Source "ChessBase"]
[SourceDate "2008.06.24"]
[SourceVersion "1"]
[SourceVersionDate "2008.06.24"]
[SourceQuality "1"]

1. e4 e5 2. Nf3 Nc6 3. Bb5 a6 4. Bxc6 dxc6 5. 0-0 Bg4 6. h3 h5 7. d3 Qf6 8. Nbd2 Bc5 9. Nc4 Bxf3 10. Qxf3 Qxf3 11. gxf3 Bd6 12. f4 exf4 13. e5 Be7 14. Bxf4 Nh6 15. Bxh6 Rxh6 16. Kg2 0-0-0 17. f4 f6 18. Kf3 Bc5 19. Rae1 Rg6 20. Nd2 Bb4 21. c3 Rxd3+ 22. Ke2 Rd7 23. Rg1 Rxg1 24. Rxg1 Bc5 25. Rg6 Re7 26. Ne4 Bb6 27. Ng3 fxe5 28. f5 Rf7 29. Rg5 h4 30. Nh5 Kd7 31. Nxg7 e4 32. Nh5 Ke7 33. Nf4 Kf6 34. Rh5 1/2-1/2

[Event "GER-Cup17 qual-218 email"]
[Site "GER email"]
[Date "2007.??.??"]
[Round "?"]
[White "Roser, Matthias"]
[Black "Harff, Wilfried"]
[Result "0-1"]
[WhiteElo "1751"]
[BlackElo "1962"]
[PlyCount "40"]
[EventDate "2007.??.??"]
[EventType "tourn (corr)"]
[EventRounds "6"]
[EventCountry "GER"]
[SourceTitle "Corr 2008"]
[Source "ChessBase"]
[SourceDate "2008.06.24"]
[SourceVersion "1"]
[SourceVersionDate "2008.06.24"]
[SourceQuality "1"]

1. d4 f5 2. g3 Nf6 3. Bg2 g6 4. Nf3 Bg7 5. 0-0 0-0 6. c4 c6 7. Nc3 d6 8. d5 e5 9. dxe6 Bxe6 10. Qd3 Qd7 11. Ng5 Na6 12. Bf4 Rfd8 13. Rad1 h6 14. Nxe6 Qxe6 15. e4 fxe4 16. Nxe4 Nxe4 17. Qxe4 Qf6 18. Rd2 Nc5 19. Qe6+ Nxe6 20. Be3 Rd7 0-1